Fr. Conceicao Rodrigues College of Engineering

Applied Mathematics-III (Record no. 29980)

MARC details
000 -LEADER
fixed length control field 00335nam a2200157Ia 4500
082 ## - DEWEY DECIMAL CLASSIFICATION NUMBER
Classification number 519
Item number JAN/KUM
100 ## - MAIN ENTRY--PERSONAL NAME
Personal name Jangam/U.B./ Patil/ K.P.
245 ## - TITLE STATEMENT
Title Applied Mathematics-III
260 ## - PUBLICATION, DISTRIBUTION, ETC.
Name of publisher, distributor, etc. Nandu Pub
Place of publication, distribution, etc. Pune
Date of publication, distribution, etc. 1999
300 ## - PHYSICAL DESCRIPTION
Extent 212
490 ## - SERIES STATEMENT
Volume/sequential designation 2
546 ## - LANGUAGE NOTE
Language note ENGLISH
654 ## - SUBJECT ADDED ENTRY--FACETED TOPICAL TERMS
Focus term mathematics III
942 ## - ADDED ENTRY ELEMENTS (KOHA)
Koha item type BOOK
Holdings
Withdrawn status Lost status Damaged status Not for loan Collection Home library Current library Date acquired Total Checkouts Full call number Barcode Date last seen Price effective from Koha item type
        CRC Fr. Agnel's C.Rodrigues College of Engineering Fr. Agnel's C.Rodrigues College of Engineering 17/03/2023   519 JAN/KUM 11239 17/03/2023 17/03/2023 BOOK